| 000 | 00632pam a2200217 a 4500 | ||
|---|---|---|---|
| 001 | 38778 | ||
| 003 | (BD-RjUL) | ||
| 005 | 20211209052847.0 | ||
| 008 | 870929s1987 maua b 001 0 eng | ||
| 035 | _a(BD-RjUL) | ||
| 040 |
_aDLC _c(BD-RjUL) _dDLC |
||
| 082 | 0 | 0 |
_a621.380422 _219 _bGAS 1984 |
| 100 | 1 |
_aGagliardi, Robert M. _9119625 |
|
| 245 | 1 | 0 |
_aSatellite Communications / _cRobert M. Gagliardi |
| 260 |
_aIndia: _bCBS Pub., _cc1984. |
||
| 300 |
_axviii, 473 p. : _bill. ; _c23 cm. |
||
| 500 | _aIncludes index. | ||
| 650 | 0 |
_aArtificial satellites in telecommunication. _9117364 |
|
| 942 |
_2ddc _cBK |
||
| 999 |
_c38778 _d38778 |
||